00335nam a2200121Ia 4500008004100000041000800041082001600049100001900065245004500084250001400129260003900143300003100182240624s9999 xx 000 0 und d aeng a658.406 JON aJONES GARETH R aORGANIZATIONAL THEORY DESIGN AND CHANGES a(4th ed.) c2004aNew DelhibPearson Education axxv, : 592 : p. : cm. ; 25